| 000 | 01159nam a2200289 a 4500 | ||
|---|---|---|---|
| 001 | 65291 | ||
| 003 | BD-RjUL | ||
| 005 | 20211209081415.0 | ||
| 008 | 170301s1952 pk ||||||||s|o00| 0 eng d | ||
| 020 | _c: PRs. 2.00 | ||
| 035 | _a(BD-RjUL)65421 | ||
| 040 |
_aBD-RjUL _beng _cBD-RjUL _dBD-RjUL |
||
| 041 | _aeng | ||
| 082 |
_223 _a304.609549021 _bMUL 1952 (VL) |
||
| 110 | 1 |
_aPakistan. _boffice of the Provincial Superintendent Census. _9193011 |
|
| 245 | 1 | 0 |
_aCensus of Pakistan, 1951 : _bVillage list : Multan District / _cPakistan. office of the Provincial Superintendent Census ; M. H. Mahmood , [comp.] |
| 246 |
_aCensus of Pakistan, 1951 : _bVillage list : Punjab : Multan District. |
||
| 260 |
_aKarachi: _bManager of Publications, _c[1952] |
||
| 300 |
_aii, 134 p. ; _c24 cm. |
||
| 490 |
_aCensus 51 ; _vNo. 30B (1) |
||
| 500 | _a" chiefly statistical data" | ||
| 651 |
_aPakistan _zWest Pakistan _zMultan District _vCensus, 1951 _9193376 |
||
| 651 |
_aPakistan _zWest Pakistan _zMultan District _xPopulation _vStatistics _y1951 _9193377 |
||
| 700 |
_aMahmood, M. H. , [comp.] _9193014 |
||
| 830 |
_aCensus 51 ; _vNo. 30B (1) _9193378 |
||
| 942 |
_2ddc _cRAR |
||
| 999 |
_c65291 _d65291 |
||